Przystanki tramwajowe we Wrocławiu - 2025 - Statystyki

Ogólne statystyki
  • Ten quiz został rozwiązany 381 razy
    121 od ostatniego zresetowania
  • Średni wynik to 91 z 206
Statystyki odpowiedzi
Odpowiedź % Poprawnych
Plac Grunwaldzki
91%
Dworzec Główny
88%
Dworzec Główny (Mdk)
88%
Dworzec Główny (Stawowa)
88%
Galeria Dominikańska
83%
Rynek
81%
Hala Stulecia
78%
ZOO
78%
Arkady (Capitol)
77%
Gaj
75%
Krzyki
75%
Plac Jana Pawła II
74%
Sępolno
72%
Świdnicka
72%
Dworzec Nadodrze
71%
Oporów
71%
Biskupin
70%
Dworzec Autobusowy
70%
Hallera
70%
Grabiszyńska
68%
Leśnica
68%
Kromera
67%
Niedźwiedzia
67%
FAT
65%
Klecina
65%
Most Grunwaldzki
65%
Plac Bema
65%
Pilczyce
64%
Zamkowa
64%
Dubois
62%
Hala Targowa
62%
Kliniki - Politechnika Wrocławska
62%
Park Południowy
62%
Plac Wróblewskiego
62%
Stadion Olimpijski
62%
Bastion Sakwowy
61%
Kowale
61%
Poświętne
61%
Plac Legionów
59%
Uniwersytet Ekonomiczny
59%
Osobowice
58%
Renoma
58%
Rondo
58%
Tarnogaj
58%
Uniwersytet Wrocławski
58%
Jedności Narodowej
57%
Karłowice
57%
Opera
57%
Wielka
57%
Bardzka
55%
Dworzec Świebodzki
55%
Grabiszyńska (Cmentarz)
55%
Katedra
55%
Kępa Mieszczańska
55%
Księże Małe
55%
Kwiska
55%
Ogród Botaniczny
54%
Plac Nowy Targ
54%
Tramwajowa
54%
Zaolziańska
54%
Małopanewska
52%
Oławska
52%
Plac Orląt Lwowskich
52%
Tarczyński Arena (Królewiecka)
52%
Urząd Wojewódzki (Impart)
52%
Kosmonautów
51%
Kozanów (Dokerska)
51%
Piastowska
51%
Pomorska
51%
Pułaskiego
51%
Komuny Paryskiej
49%
Mosty Warszawskie
49%
Narodowe Forum Muzyki
49%
Orla
49%
Kochanowskiego
48%
Krakowska
48%
Metalowców
48%
Nowowiejska
48%
Park Zachodni
48%
Prusa
48%
Trzebnicka
48%
Kościuszki
46%
Ojca Beyzyma
46%
Reja
46%
Słowiańska
46%
Sztabowa
46%
Chopina
45%
Hutmen
45%
Joannitów
45%
Na Szańcach
45%
Park Staromiejski
45%
Gajowicka
43%
Plac Staszica
43%
Wiśniowa
43%
Wyszyńskiego
43%
Kamienna
42%
Kolejowa
42%
Mickiewicza
42%
Śrubowa
42%
8 Maja
41%
Bujwida
41%
DH Astra
41%
Górnicza
41%
Grabiszyńska (Cmentarz II)
41%
Mosty Pomorskie
41%
Przyjaźni
41%
Radio I Telewizja
41%
Wołowska
41%
Aleja Pracy
39%
Bajana
39%
Gajowa
39%
Grunwaldzka
39%
Hubska/Dawida
39%
Na Niskich Łąkach
39%
Park Wschodni
39%
Pereca
39%
Plac Srebrny
39%
Stalowa
39%
Świdnicka (Dom Europy)
39%
Broniewskiego
38%
Kleczkowska
38%
Nyska
38%
Paulińska
38%
Świeradowska
38%
Tarczyński Arena (Lotnicza)
38%
Bałtycka
36%
Chełmońskiego
36%
Dolmed
36%
Jastrzębia
36%
Smolecka
36%
Daszyńskiego
35%
Glinianki
35%
Osobowicka (Cmentarz)
35%
Piramowicza - Kampus Biskupin
35%
Plac Strzegomski (Muzeum Współczesne)
35%
Strzegomska (Krzyżówka)
35%
Tarnogajska
35%
Urząd Wojewódzki (Muzeum Narodowe)
35%
Armii Krajowej
33%
Fiołkowa
33%
Krakowska (Centrum Handlowe)
33%
Morwowa
33%
Plac Zgody (Muzeum Etnograficzne)
33%
Prudnicka
33%
Sanocka
33%
Wita Stwosza
33%
Wrocławski Park Przemysłowy
33%
Jeleniogórska
32%
Kamieńskiego
32%
Most Osobowicki
32%
Nowodworska
32%
Weigla (Szpital)
32%
Wrocław Mikołajów (Zachodnia)
32%
Górnickiego
30%
Klimasa
30%
Kolista
30%
Kosmonautów (Szpital)
30%
Osobowicka (Cmentarz II)
30%
Rogowska (P+R)
30%
Wrocław Szczepin
30%
Braterska
29%
Bzowa (Centrum Historii Zajezdnia)
29%
Kwidzyńska
29%
Park Biznesu
29%
Port Popowice
29%
Aleja Architektów
28%
Bociania
28%
Kamiennogórska (Ośrodek Dla Niewidomych)
28%
Kępińska
28%
Michalczyka
28%
Mielecka
28%
Młodych Techników (Akademia Sztuk Teatralnych)
28%
Pułtuska
28%
Wrocław Nowy Dwór P+R
28%
Długa (Ogrody Działkowe)
26%
Krynicka
26%
Modra
26%
Most Milenijny
26%
Strzegomska 148
26%
Wrocław Popowice (17. Południk)
26%
Złotnicka
26%
Babimojska
25%
Grabowa
25%
Karłowicza
25%
Park Popowicki
25%
Pilczycka (Anima)
25%
Sąsiedzka
25%
Spółdzielcza
25%
Wejherowska (Hala Orbita)
25%
Głubczycka
23%
Jaworowa
23%
Park Tysiąclecia
23%
Zemska
23%
Białowieska
22%
Gęsia
22%
Godebskiego (AWF Wrocław)
22%
Kopernika
22%
Kozanowska
22%
Ossolineum (Uniwersytecka)
22%
Kętrzyńska
20%
Karwińska (Dawna Pralnia)
19%
Wschowska
19%
Budziszyńska
17%
Rogowska (Ogrody Działkowe)
17%
Dworska
16%
Serbska (C.K. Agora)
16%
Nie znaleziono quizów pasujących do podanych kryteriów
Rozkład punktacji
Procent ludzi z każdym wynikiem
Percentyl według liczby udzielonych odpowiedzi
Twoja historia wyników
Nie rozwiązałeś tego quizu od ostatniego zresetowania